Język niemiecki na Górnym Śląsku

Titel: Język niemiecki na Górnym Śląsku : Tradycja i teraźniejszość
Verfasser:
In: Studien zur sprachlichen Kommunikation, (2010), Seite 255-261, Abb.
alle Artikel anzeigen
Veröffentlicht: 2010
Format: Aufsatz
Sprache: Deutsch
Kein Bild verfügbar
X
alg: 39160941
001A    $01999:11-11-16 
001B    $01999:15-05-21 $t21:00:35.000 
001D    $01999:11-11-16 
001U    $0utf8 
001X    $00 
002@    $0Aox 
003@    $0391609416 
007A    $0391609416 $aHEB 
007T    $0Herdc0084374m 
010@    $ager 
011@    $a2010 
021A    $aJęzyk niemiecki na Górnym Śląsku $dTradycja i teraźniejszość 
028A    $aLasatowicz $dMaria Katarzyna 
031A    $h255-261, Abb. $j2010 
039B    $aIn $8--Aau--. Studien zur sprachlichen Kommunikation. - Gdańsk : Wydawn. Uniw. Gdańskiego, 2010. - 274 S.. - Ill., graph. Darst.. - ISBN 978-83-7326-745-9 $x201000000000000745 $9231056621 
045F    $a417.709438 $eDDC23BSB 
045F/01 $a417.7 
045F/03 $g438 
045F/03 $g4385 

lok: 39160941 78

exp: 39160941 78 1 #EPN
201B/01 $019-04-17 $t10:17:57.000 
201U/01 $0utf8 
203@/01 $0787703761 
208@/01 $a11-11-16 $be 
209A/01 $a/ $f000 $x00 
220C/01 $aTitelaufnehmer: pg 
220C/01 $aHerkunft: HI Marburg 
244Z/01 $2Trx $#Silesia $#Śląsk $#Sliezsko $#Slezsko $8--Trx--Schlesien $x01 $9391173987 
244Z/01 $2Trx $#Poola $#Lenkija $#Polija $#Polen Land $#Poland $#Lengyelország $#Poľsko $#Polsko $8--Trx--Polska$gkraj $x02 $9391345966 
244Z/01 $aGeschichte 1800-2010 $x03 
244Z/01 $2Trx $#keel, saksa $#kalba, vokiečių $#Language, German $#nyelv, német $#język niemiecki $#jazyk nemecký $#jazyk německý $8--Trx--Sprache, deutsche $x04 $9391359223 
244Z/01 $2Trx $#suhted, Poola-Saksa $#santykiai, lenkų ir vokiečių $#relations, German-Polish $#kapcsolatok, lengyel-német $#stosunki niemiecko-polskie $#vzťahy nemecko-poľské $#vztahy německo-polské $8--Trx--Beziehungen, deutsch-polnische $x05 $9391368397 
244Z/01 $2Trx $#õppetöö $#dėstymas mokyklose $#primary education $#tanítási óra $#nauczanie $#vyučovanie školské $#vyučování školní $8--Trx--Schulunterricht $x06 $9391374958 
244Z/01 $2Trx $8--Trx--Einzelbeiträge $x07 $9391384570 
245Z/01 $a11.07 $x01 
247C/01 $82080>Marburg/Lahn, Herder-Institut, Forschungsbibliothek, Bibliographieportal $9336309341
LEADER 00000caa a22000002c 4500
001 391609416
003 DE-603
005 20210515210035.0
007 tu
008 161111s2010 xx |||| | u00||u|ger c
035 |a (DE-599)HEB391609416 
040 |a DE-603  |b ger  |c DE-603  |d DE-603 
041 |a ger 
082 0 4 |8 1\u  |a 417.709438  |q DE-101  |2 23/BSB 
085 |8 1\u  |b 417.7 
085 |8 1\u  |z 2  |s 438 
085 |8 1\u  |z 2  |s 4385 
100 1 |a Lasatowicz, Maria Katarzyna 
245 0 0 |a Język niemiecki na Górnym Śląsku  |b Tradycja i teraźniejszość 
264 0 |c 2010 
773 0 8 |i In  |t Studien zur sprachlichen Kommunikation  |d Gdańsk : Wydawn. Uniw. Gdańskiego, 2010  |h 274 S., Ill., graph. Darst.  |z 9788373267459  |z 837326745X  |g (2010), Seite 255-261, Abb.  |w (DE-603)231056621 
924 0 |9 2080  |a (DE-603)787703761  |b DE-2080  |c HES  |d d  |g /